| 000 | 00493nam a2200169Ia 4500 | ||
|---|---|---|---|
| 008 | 090201s9999 xx 000 0 und d | ||
| 010 | _aKPL-42328 | ||
| 040 | _bमराठी | ||
| 041 | _aमराठी | ||
| 082 |
_a9225 _b42328 |
||
| 100 | _aदिनु कानडे | ||
| 245 |
_aजिवलग _cदिनु कानडे |
||
| 260 |
_c2004 _bडॉल्फिन लायब्ररी |
||
| 300 |
_a210 _bमोठा |
||
| 600 | _aजिवलग | ||
| 942 | _cBOOK | ||
| 999 |
_c209751 _d209751 |
||